KOHA-Header-6

Practice And Law of Banking In Pakistan (Record no. 9930)

000 -LEADER
fixed length control field 00282nam a2200109Ia 4500
100 ## - MAIN ENTRY--AUTHOR NAME
Personal name Dr.Asrar H.Siddiqui
245 #0 - TITLE STATEMENT
Title Practice And Law of Banking In Pakistan
260 ## - PUBLICATION, DISTRIBUTION, ETC. (IMPRINT)
Place of publication Karachi
Name of publisher Royal Book
Year of publication 2004
300 ## - PHYSICAL DESCRIPTION
Number of Pages 399
942 ## - ADDED ENTRY ELEMENTS (KOHA)
Koha item type Books
Holdings
Withdrawn status Lost status Collection code Permanent Location Current Location Shelving location Date acquired Full call number Accession Number Koha item type
    Law MAJU MAJU Shelf No.A39 REF 2019-09-14 610.73 5973 Books

Powered by Koha